[Event "BDO Premier"]
[Site "Haarlem NED"]
[Date "2010.08.27"]
[Round "7"]
[White "Flumbort,A"]
[Black "Willemze,T"]
[Result "1-0"]
[WhiteElo "2540"]
[BlackElo "2405"]

1.d4 Nf6 2.c4 e6 3.Nc3 Bb4 4.Nf3 c5 5.g3 cxd4 6.Nxd4 Ne4 7.Qd3 Bxc3+ 8.bxc3 Nc5
9.Qf3 Nc6 10.Bg2 O-O 11.O-O b6 12.Nxc6 dxc6 13.Ba3 Qg5 14.Rfd1 Ba6 15.Rd4 Rac8
16.Rad1 Rfd8 17.h4 Rxd4 18.cxd4 Qd8 19.e4 Nd7 20.Qb3 Qc7 21.Bb2 c5 22.d5 Rd8
23.f4 Nf8 24.Kh2 Bc8 25.a4 h6 26.a5 Ng6 27.h5 Nf8 28.Be5 Qb7 29.axb6 axb6
30.Rb1 Nd7 31.Bd6 Re8 32.e5 Qa6 33.dxe6 Rxe6 34.Bd5 Qa5 35.Qb2  1-0

[Event "46th Akiba Rubinstein Open A"]
[Site "Polanica Zdroj POL"]
[Date "2010.08.27"]
[Round "9"]
[White "Furman,Bo"]
[Black "Laszewicz,P"]
[Result "0-1"]
[WhiteElo "2237"]
[BlackElo "2221"]

1.d4 Nf6 2.c4 e6 3.Nc3 Bb4 4.Nf3 d5 5.cxd5 exd5 6.Bg5 h6 7.Bh4 c6 8.Qc2 g5
9.Bg3 Ne4 10.Nd2 Bf5 11.Ndxe4 Bxe4 12.Qb3 Qe7 13.h4 O-O 14.hxg5 hxg5 15.O-O-O Bg6
16.e4 Nd7 17.exd5 cxd5 18.Nxd5 Rac8+ 19.Bc4 Qe4 20.Nxb4 b5 21.Rhe1 Rxc4+  0-1

[Event "17th Open A"]
[Site "Graz AUT"]
[Date "2010.08.28"]
[Round "1"]
[White "Matosec,T"]
[Black "Krumpacnik,D"]
[Result "1/2-1/2"]
[WhiteElo "2088"]
[BlackElo "2331"]

1.Nf3 Nf6 2.d4 e6 3.c4 Bb4+ 4.Nc3 c5 5.g3 Ne4 6.Qd3 Qa5 7.Qxe4 Bxc3+ 8.Bd2 Bxd2+
9.Nxd2 O-O 10.Bg2 d6 11.a3 Qb6 12.dxc5 Qxb2 13.Qb1 Qd4 14.cxd6 Nc6 15.e3 Qxd6
16.Ne4 Qc7 17.O-O Na5 18.Rc1 f5 19.Nd2 Bd7 20.Nb3 Nxb3 21.Qxb3 Bc6 22.c5 Rfe8
23.Rd1 Bxg2 24.Kxg2 Qxc5 25.Qxb7 Rab8 26.Qd7 Re7 27.Qd6 Rb5 28.Rac1 Qxd6
29.Rxd6 Ra5 30.Rc3 Kf7 31.h4 Kf6 32.Rdc6 Rd7 33.R6c5 Ra4 34.R5c4 Ra6 35.Rc6 Rd6
36.Rc7 Rd2 37.Rb7 Rb6 38.Rcc7 Rxb7 39.Rxb7 a5 40.Ra7 Rd5 41.Kf3 Rc5 42.h5 h6
43.Ra6 f4 44.Kxf4 Rxh5 45.e4 Rc5 46.a4 g5+ 47.Ke3 Rc3+ 48.Kd4 Rf3 49.Rxa5 Rxf2
50.Ke3 Ra2 51.g4 Ra3+ 52.Kf2 Kg6 53.Ra6 Kf6 54.Ra5 Kg6 55.Ra6 h5 56.Rxe6+ Kf7
57.Re5 hxg4 58.Rxg5 Rxa4 59.Rxg4 Ke6 60.Ke3 Ra1  1/2-1/2

[Event "7th Open"]
[Site "Kalamaria GRE"]
[Date "2010.08.29"]
[Round "6"]
[White "Mastrovasilis,A"]
[Black "Zdebskaja,N"]
[Result "1-0"]
[WhiteElo "2539"]
[BlackElo "2383"]

1.d4 Nf6 2.c4 e6 3.Nc3 Bb4 4.Nf3 c5 5.g3 Bxc3+ 6.bxc3 Qa5 7.Bd2 b6 8.Bg2 Bb7
9.d5 Qa6 10.O-O O-O 11.Bg5 Ne4 12.Qc2 f5 13.Bf4 Qxc4 14.Ne5 Qa6 15.dxe6 dxe6
16.Rfd1 Nc6 17.Bxe4 fxe4 18.Rd7 Rf5 19.Qxe4 Nxe5 20.Rxb7 Qc4 21.Rxg7+ Kh8
22.Qb7  1-0

[Event "5th XtraCon Open"]
[Site "Borup DEN"]
[Date "2010.09.03"]
[Round "1"]
[White "Hoi,C"]
[Black "Andersen,Mo"]
[Result "1/2-1/2"]
[WhiteElo "2419"]
[BlackElo "2179"]

1.d4 Nf6 2.c4 e6 3.Nc3 Bb4 4.Nf3 b6 5.Bg5 Bb7 6.Nd2 h6 7.Bh4 g5 8.Bg3 Bxc3
9.bxc3 d6 10.e3 Nbd7 11.Rb1 Ne4 12.Nxe4 Bxe4 13.Rb2 Qe7 14.Qa4 O-O 15.h4 g4
16.h5 f5 17.Qd1 Qg7 18.Kd2 e5 19.Kc1 f4 20.Rh4 f3 21.gxf3 Bxf3 22.Be2 e4  1/2-1/2

[Event "ch-RUS Higher League w"]
[Site "St Petersburg RUS"]
[Date "2010.09.03"]
[Round "9"]
[White "Nebolsina,V"]
[Black "Kovanova,B"]
[Result "1-0"]
[WhiteElo "2349"]
[BlackElo "2376"]

1.d4 Nf6 2.c4 e6 3.Nc3 Bb4 4.Nf3 b6 5.Bg5 h6 6.Bh4 Bb7 7.Nd2 Bxc3 8.bxc3 d6
9.f3 Nbd7 10.e4 Qe7 11.Qa4 e5 12.Bd3 g5 13.Bf2 Nh5 14.c5 Nf4 15.Bf1 dxc5
16.g3 Ne6 17.d5 Ng7 18.Bh3 a6 19.Rb1 f5 20.Qb3 Qf7 21.O-O O-O 22.Nc4 a5 23.Ne3 f4
24.Be6 Nxe6 25.dxe6 Qh5 26.exd7+ Kh7 27.Ng4 Bxe4 28.Nxe5 fxg3 29.Bxg3 Bxb1
30.Qxb1+ Kg7 31.Qe4 Rad8 32.Rd1  1-0

[Event "TCh-ROU Superliga"]
[Site "Baile Herculane ROU"]
[Date "2010.09.04"]
[Round "1"]
[White "Rogozenco,D"]
[Black "Parligras,M"]
[Result "1/2-1/2"]
[WhiteElo "2522"]
[BlackElo "2601"]

1.d4 Nf6 2.c4 e6 3.Nc3 Bb4 4.Nf3 c5 5.g3 Ne4 6.Qd3 Qa5 7.Qxe4 Bxc3+ 8.Bd2 Bxd2+
9.Nxd2 Nc6 10.d5 Nd4 11.Bg2 Nb3 12.Rd1 Qxa2 13.dxe6 fxe6 14.O-O Qxb2 15.Nxb3 Qxb3
16.Qe5 O-O 17.Qxc5 Rf5 18.Qd4 Qb6 19.Qxb6 axb6 20.Rb1 Rc5 21.Rxb6 Rxc4 22.Bxb7 Rb8
23.Rfb1 Bxb7 24.Rxb7 Rc1+ 25.Rxc1 Rxb7 26.f4 d5 27.Kf2 Kf7 28.Rc3 h5 29.Kf3 Kf6
30.e4 dxe4+ 31.Kxe4 Rb4+  1/2-1/2

[Event "7th LGA Premium Cup"]
[Site "Nuremberg GER"]
[Date "2010.09.05"]
[Round "7"]
[White "Jahnel,G"]
[Black "Tischbierek,R"]
[Result "1/2-1/2"]
[WhiteElo "2320"]
[BlackElo "2451"]

1.d4 Nf6 2.c4 e6 3.Nc3 Bb4 4.Nf3 b6 5.Bg5 Bb7 6.e3 h6 7.Bh4 Bxc3+ 8.bxc3 d6
9.Be2 Nbd7 10.Bg3 Qe7 11.O-O Ne4 12.Qc2 O-O 13.Nd2 Nxg3 14.hxg3 e5 15.Bf3  1/2-1/2

[Event "TCh-CRO Gp1B"]
[Site "Sibenik CRO"]
[Date "2010.09.05"]
[Round "2"]
[White "Prpic,I"]
[Black "Bilobrk,F"]
[Result "0-1"]
[WhiteElo "2011"]
[BlackElo "2368"]

1.d4 Nf6 2.Nf3 e6 3.c4 Bb4+ 4.Nc3 O-O 5.a3 Bxc3+ 6.bxc3 c5 7.Qc2 Nc6 8.e4 cxd4
9.cxd4 d5 10.e5 Ne4 11.Bd3 Qa5+ 12.Kf1 Nb4 13.Qb1 Nxd3 14.Qxd3 b6 15.Nd2 Ba6
16.Kg1 Bxc4 17.Nxc4 Qe1+ 18.Qf1 Qxf1+ 19.Kxf1 dxc4 20.f3 Nc3 21.Be3 Nd5 22.Ke2 b5
23.Rhc1 Rfc8 24.g4 a5 25.Bd2 c3 26.Be1 b4 27.Rab1 Rab8 28.Kd3 h6 29.h4 Kh7
30.g5 hxg5 31.hxg5 Kg6 32.Rc2 b3  0-1

[Event "11th WUCC Women"]
[Site "Zuerich SUI"]
[Date "2010.09.08"]
[Round "6"]
[White "Djukic,Sa"]
[Black "Lindiawati,E"]
[Result "1/2-1/2"]
[WhiteElo "2198"]
[BlackElo "2133"]

1.d4 Nf6 2.c4 e6 3.Nc3 Bb4 4.Nf3 b6 5.Bg5 Bb7 6.e3 O-O 7.Rc1 d5 8.cxd5 exd5
9.Bd3 Nbd7 10.O-O h6 11.Bh4 Re8 12.h3 a6 13.Bg3 c5 14.Ne5 c4 15.Bb1 b5 16.a3 Bxc3
17.bxc3 Qe7 18.Qc2 Nf8 19.Qb2 Ne4 20.Bh2 f6 21.Nf3 Bc6 22.Nh4 Bd7 23.f3 Nd6
24.Rce1 g5 25.Ng6 Qf7 26.Nxf8 Qxf8 27.e4 f5 28.Bxd6 Qxd6 29.e5 Qe7 30.f4 Rf8
31.Qe2 Be6 32.Kh1 Kg7 33.Qh5 Qf7 34.g4 Ra7 35.Qxf7+ Raxf7 36.fxg5 fxg4 37.Rf6 Rxf6
38.gxf6+ Kf7 39.hxg4 Bxg4 40.Rg1 h5 41.Kh2 a5 42.Bc2 Rg8 43.Bd1 b4 44.axb4 axb4
45.cxb4 c3 46.Bb3 Ke6 47.f7 Rf8 48.Rc1 Rxf7 49.Rxc3 Rf4 50.Rc6+ Ke7 51.b5 Rxd4
52.b6 Bf3 53.Rd6 Rb4 54.Bxd5 Bxd5 55.Rxd5 Rxb6  1/2-1/2

[Event "ch-ESP"]
[Site "El Sauzal ESP"]
[Date "2010.09.10"]
[Round "7"]
[White "Perez Martin,N"]
[Black "Quiza Vazquez,C"]
[Result "0-1"]
[WhiteElo "1576"]
[BlackElo "1567"]

1.d4 Nf6 2.c4 e6 3.Nc3 Bb4 4.Nf3 d5 5.e3 O-O 6.Bd3 b6 7.cxd5 exd5 8.O-O Bxc3
9.bxc3 Ba6 10.Bxa6 Nxa6 11.Qd3 Qc8 12.Bb2 c6 13.Ne5 c5 14.Qe2 c4 15.a4 Nc7
16.Nc6 Qe6 17.Ne5 a6 18.f3 b5 19.Ba3 Rfe8 20.axb5 axb5 21.e4 h6 22.Rfe1 Reb8
23.Qd2 b4 24.Bxb4 Rxa1 25.Rxa1 dxe4 26.fxe4 Nxe4 27.Qe2 Nxc3 28.Bxc3 f6 29.Qxc4 Nd5
30.Ra6 Rb1+ 31.Kf2 Qf5+ 32.Nf3 Qc2+ 33.Kg3 Qg6+ 34.Kf2 Qc2+ 35.Nd2 Qf5+ 36.Ke2 Qg4+
37.Kd3 Qf5+ 38.Ke2 Qg4+ 39.Nf3 Qxg2+ 40.Kd3 Qxf3+ 41.Kc2 Qd1+  0-1

[Event "Open"]
[Site "Livigno ITA"]
[Date "2010.09.13"]
[Round "4"]
[White "Urosevic,G"]
[Black "Vyskocil,N"]
[Result "1/2-1/2"]
[WhiteElo "2218"]
[BlackElo "2376"]

1.d4 Nf6 2.c4 e6 3.Nc3 Bb4 4.Nf3 b6 5.Bg5 Bb7 6.Nd2 h6 7.Bh4 Bxc3 8.bxc3 d6
9.f3 Nbd7 10.e4 e5 11.Bd3 Nf8 12.Qa4+ Qd7 13.Bc2 Qxa4 14.Bxa4+ Ke7 15.Bf2 Ne6
16.Be3 Nd7 17.Rb1 Ba6 18.Bc6 Rac8 19.Kf2 Nd8 20.Ba4 Nb7 21.g3 Na5 22.Bb5 Bxb5
23.Rxb5 c6 24.Rbb1 exd4 25.cxd4 c5 26.Rhc1 cxd4 27.Bxd4 Ne5 28.Bxe5 dxe5
29.c5 Rhd8 30.Ke3 Rd4 31.cxb6 Rxc1 32.Rxc1 axb6 33.Rb1 Rd6 34.Rb4 Rc6 35.Kd3 Rd6+
36.Ke3 Kd7 37.f4 f6 38.Nf3 Ke6 39.fxe5 fxe5 40.Nh4 Rc6 41.Nf5 Kf6 42.Kd3 Nb7
43.Ne3 Nc5+ 44.Ke2 Nd7 45.Kd2 h5 46.h4 g6  1/2-1/2

[Event "WCh w Blitz Semi-Final"]
[Site "Moscow RUS"]
[Date "2010.09.15"]
[Round "1"]
[White "Romanko,M"]
[Black "Shaydullina,S"]
[Result "1/2-1/2"]
[WhiteElo "2411"]
[BlackElo "2175"]

1.d4 Nf6 2.c4 e6 3.Nc3 Bb4 4.Nf3 c5 5.g3 b6 6.d5 d6 7.Bg2 Bb7 8.dxe6 fxe6
9.O-O O-O 10.Qd3 Bxc3 11.Qxc3 Nc6 12.b3 Qe7 13.Bb2 Rad8 14.Rad1 e5 15.a3 Nd4
16.Nxd4 cxd4 17.Qd3 Bxg2 18.Kxg2 Qb7+ 19.Kg1 d5 20.e3 dxe3 21.Qxe3 Rfe8 22.cxd5 Nxd5
23.Qe4 Qf7 24.b4 Nf6 25.Qf5 Rxd1 26.Rxd1 Qe6 27.Qxe6+ Rxe6 28.f3 Kf7 29.Kf2 Rc6
30.Bxe5 Rc2+ 31.Kg1 Ra2 32.Rd3 Ke6 33.Bxf6 gxf6 34.h4 h6 35.Kf1 a5 36.bxa5 bxa5
37.h5 a4 38.g4 Rb2 39.Rd4 Rb3 40.Rxa4 Rxf3+ 41.Kg2 Rb3 42.Ra8 Ke5 43.Ra4 Rc3
44.Kf2 Rb3 45.Ke2 f5 46.Ra5+ Ke4 47.gxf5 Rb2+ 48.Kd1 Rh2 49.f6 Rf2 50.Ra6 Kd3
51.Rd6+ Kc4 52.Ke1 Rf5 53.Rb6 Rxh5 54.f7 Rf5 55.Rb7 h5 56.Ke2 h4 57.Rb4+ Kc5
58.Rxh4 Rxf7 59.Rb4 Rd7 60.Ke3 Rd1 61.Rb8 Ra1 62.Ra8 Kb6 63.Kd4 Kb7 64.Ra4 Rc1
65.Kd3 Kb6 66.Kd2 Rc8 67.Rb4+  1/2-1/2

[Event "WCh w Blitz Semi-Final"]
[Site "Moscow RUS"]
[Date "2010.09.16"]
[Round "26"]
[White "Nebolsina,V"]
[Black "Cori T.,D"]
[Result "1-0"]
[WhiteElo "2360"]
[BlackElo "2368"]

1.d4 Nf6 2.c4 e6 3.Nc3 Bb4 4.Nf3 O-O 5.g3 d5 6.Bg2 Ne4 7.Qd3 c5 8.O-O cxd4
9.Nxe4 dxe4 10.Qxe4 Nc6 11.Rd1 e5 12.Nxe5 Be6 13.Nxc6 bxc6 14.Qxd4 Bxc4 15.Be3 Bxe2
16.Qxd8 Raxd8 17.Rxd8 Rxd8 18.Bxc6 Rc8 19.Rc1 a5 20.Ba4 Rd8 21.Bb6 Rb8 22.Ba7 Rd8
23.Bb6 Rb8 24.Bc7 Rc8 25.Bd7 Ra8 26.a3 Bf8 27.Bc6 Rc8 28.Bb7 Re8 29.Bxa5 h5
30.Re1 Rb8 31.Rxe2 Rxb7 32.Re8 Re7 33.Rxf8+ Kxf8 34.Bb4  1-0

[Event "WCh w Blitz Final"]
[Site "Moscow RUS"]
[Date "2010.09.17"]
[Round "13"]
[White "Nebolsina,V"]
[Black "Koneru,H"]
[Result "0-1"]
[WhiteElo "2360"]
[BlackElo "2593"]

1.d4 Nf6 2.c4 e6 3.Nc3 Bb4 4.Nf3 d5 5.Qa4+ Nc6 6.cxd5 exd5 7.Bg5 h6 8.Bxf6 Qxf6
9.e3 O-O 10.Be2 Be6 11.O-O a6 12.Rfc1 Bd6 13.Qd1 Ne7 14.Na4 b6 15.Rc3 Rfe8
16.Rac1 Nf5 17.Ne5 Bxe5 18.dxe5 Qxe5 19.Rxc7 b5 20.Nb6 Rad8 21.Qd3 d4 22.e4 Nd6
23.Bf3 Nc4 24.Rc6 Nxb2 25.Qa3 d3 26.Rb1 d2 27.Bd1 Qxe4  0-1

[Event "WCh w Blitz Final"]
[Site "Moscow RUS"]
[Date "2010.09.18"]
[Round "16"]
[White "Lahno,Kateri"]
[Black "Koneru,H"]
[Result "0-1"]
[WhiteElo "2539"]
[BlackElo "2593"]

1.c4 e6 2.d4 Nf6 3.Nf3 Bb4+ 4.Nc3 d5 5.cxd5 exd5 6.Bg5 Nbd7 7.Rc1 c6 8.e3 Qa5
9.Bd3 Ne4 10.Qc2 Nxg5 11.Nxg5 h6 12.Nf3 Qxa2 13.O-O Qa5 14.e4 Bxc3 15.bxc3 dxe4
16.Bxe4 O-O 17.c4 Nf6 18.Bd3 Rd8 19.h3 Be6 20.Rb1 Qc7 21.Qb2 b6 22.Ne5 Nd7
23.f4 f6 24.Ng6 Nf8 25.Rbe1 Nxg6 26.Bxg6 Bxc4 27.Rf2 Bf7 28.Bb1 Re8 29.Rc1 Bd5
30.Qc2 Be4 31.Qc4+ Qf7 32.Qc3 Bxb1 33.Rxb1 Rac8 34.f5 c5 35.dxc5 Rxc5 36.Qg3 Rce5
37.Kh2 Re3 38.Qf4 R3e4 39.Qg3 Qe7 40.Qg6 Qe5+ 41.Kh1 Re1+ 42.Rf1 Rxf1+ 43.Rxf1  0-1

[Event "WCh w Blitz Final"]
[Site "Moscow RUS"]
[Date "2010.09.18"]
[Round "21"]
[White "Nebolsina,V"]
[Black "Kosintseva,N"]
[Result "0-1"]
[WhiteElo "2360"]
[BlackElo "2565"]

1.d4 Nf6 2.c4 e6 3.Nc3 Bb4 4.Nf3 d5 5.Qa4+ Nc6 6.cxd5 exd5 7.Bg5 h6 8.Bxf6 Qxf6
9.e3 O-O 10.Be2 Be6 11.O-O a6 12.a3 Bd6 13.b4 Ne7 14.e4 dxe4 15.Nxe4 Qf4
16.Nxd6 Qxd6 17.Rfc1 c6 18.Qc2 Rad8 19.Rd1 Ng6 20.Rd2 Nf4 21.Bf1 Bd5 22.Ne5 Qf6
23.f3 Rfe8 24.Rad1 Ne6 25.Ng4 Qg5 26.Bc4 h5 27.Bxd5 Rxd5 28.Nf2 Red8 29.Ne4 Qg6
30.Qc3 Nf4 31.Kh1 h4 32.Qe3 Qf5 33.Nc3 R5d6 34.Qe4 Qf6 35.Qe3 Re6 36.Qf2 h3
37.g3 Nd5 38.Nxd5 Rxd5 39.Qf1 Re3 40.Qxh3 Rxf3 41.Qc8+ Rd8 42.Qh3 Rf2 43.Rd3 Re8
44.d5 cxd5 45.Rxd5 Qf3+ 46.Kg1 Qe3 47.R5d3 Qb6 48.Rd4 Rf6 49.Qd7 Rfe6 50.Qd5 Re2
51.Rf1 R2e7 52.Kh1 Qc7 53.Rdf4 Qd7 54.Qh5 Qc6+ 55.Qf3 Qxf3+ 56.R4xf3 f6 57.Rd1 Re2
58.Rd7 Rc8 59.Rf1 Rcc2 60.Rfd1 Rxh2+ 61.Kg1 Rcg2+ 62.Kf1 Ra2 63.Kg1 Rhg2+
64.Kf1 Rxg3 65.Rxb7 Raxa3 66.Rdd7 Kh7 67.Kf2 Kh6 68.Ra7 Rg5 69.b5 Rxb5 70.Rxg7 Rb2+  0-1

[Event "WCh w Blitz Final"]
[Site "Moscow RUS"]
[Date "2010.09.18"]
[Round "27"]
[White "Nebolsina,V"]
[Black "Kosintseva,T"]
[Result "0-1"]
[WhiteElo "2360"]
[BlackElo "2573"]

1.d4 Nf6 2.c4 e6 3.Nc3 Bb4 4.Nf3 d5 5.Qa4+ Nc6 6.e3 O-O 7.Be2 Ne4 8.Qc2 b6
9.O-O Bxc3 10.bxc3 Ba6 11.Qa4 Nxc3 12.Qxa6 Nxe2+ 13.Kh1 Nxc1 14.Rfxc1 Na5
15.cxd5 exd5 16.Ne5 Qd6 17.Qd3 f6 18.Nf3 Nc4 19.e4 b5 20.Nh4 dxe4 21.Qxe4 Rfe8
22.Qg4 Qe6 23.Qf3 Rad8 24.Nf5 g6 25.Nh6+ Kg7 26.Ng4 Rxd4 27.h3 c6 28.a4 a6
29.axb5 h5 30.Qc3 Re4 31.f3 hxg4 32.fxe4 cxb5 33.h4 Rh8 34.Qg3 g5 35.Qc7+ Kg6
36.Kg1 Qxe4 37.Qc5 Rxh4 38.Rxa6 Ne3 39.Ra2 g3 40.Re2 Rh1+  0-1

[Event "USCL"]
[Site "ICC INT"]
[Date "2010.09.20"]
[Round "5"]
[White "Banawa,Joe"]
[Black "Pruess,D"]
[Result "1/2-1/2"]
[WhiteElo "2345"]
[BlackElo "2375"]

1.d4 Nf6 2.c4 e6 3.Nc3 Bb4 4.Nf3 c5 5.g3 Ne4 6.Qd3 Qa5 7.Qxe4 Bxc3+ 8.Bd2 Bxd2+
9.Nxd2 Qb6 10.e3 Qxb2 11.Rb1 Qxa2 12.Qe5 O-O 13.dxc5 Qa5 14.Rb5 Nc6 15.Rxa5 Nxe5
16.Ne4 b6 17.cxb6 Bb7 18.Bg2 Nxc4 19.Rxa7 Bxe4 20.Bxe4 d5 21.Rxa8 Rxa8 22.b7 Rb8
23.Bd3 Rxb7 24.O-O f5 25.Ra1 Kf7 26.h4 Kf6 27.Ra8 Nd6 28.Rf8+ Ke7 29.Rg8 Ne8
30.Kg2 Kf7 31.Rh8 Rb2 32.g4 Rd2 33.Bb1 Nf6 34.gxf5 e5 35.Rb8 Ng4 36.Rb7+ Kf6
37.Rb6+ Kf7 38.Rb7+ Kf6 39.Rb6+  1/2-1/2

[Event "39th Olympiad Men"]
[Site "Khanty-Mansiysk RUS"]
[Date "2010.09.23"]
[Round "3"]
[White "Linster,P"]
[Black "Shengelia,D"]
[Result "0-1"]
[WhiteElo "2264"]
[BlackElo "2587"]

1.d4 Nf6 2.c4 e6 3.Nc3 Bb4 4.Nf3 b6 5.Bg5 h6 6.Bh4 Bb7 7.e3 Qe7 8.Nd2 e5
9.dxe5 Bxc3 10.exf6 Bxf6 11.Bxf6 Qxf6 12.Qc2 O-O 13.Bd3 Na6 14.a3 Nc5 15.Be2 Bxg2
16.Rg1 Bh3 17.Bg4 Bxg4 18.Rxg4 Rae8 19.O-O-O Qxf2 20.Rdg1 Ne6 21.h4 Qxe3
22.Qf5 Kh8 23.R4g3 Nd4  0-1

[Event "39th Olympiad Men"]
[Site "Khanty-Mansiysk RUS"]
[Date "2010.09.24"]
[Round "4"]
[White "Yuffa,D"]
[Black "Petrik,T"]
[Result "1/2-1/2"]
[WhiteElo "2235"]
[BlackElo "2528"]

1.d4 e6 2.c4 Nf6 3.Nc3 Bb4 4.Nf3 c5 5.g3 Ne4 6.Qd3 Qa5 7.Qxe4 Bxc3+ 8.Bd2 Bxd2+
9.Nxd2 Qb6 10.O-O-O cxd4 11.Nb3 Qc6 12.Qxc6 dxc6 13.Rxd4 e5 14.Rd2 b6 15.Kc2 Be6
16.Kc3 Nd7 17.Bg2 Rc8 18.Rd6 Nb8 19.Nc1 a5 20.b3 Ke7 21.Rd2 Nd7 22.Nd3 Rc7
23.e3 Bf5 24.h3 Rhc8 25.e4 Be6 26.Bf3 g6 27.Bg4 f5 28.Bf3 b5 29.exf5 gxf5
30.Bg2 bxc4 31.bxc4 e4 32.Nf4 Rb8 33.g4 Nc5 34.Nxe6 Kxe6 35.gxf5+ Kxf5 36.Re1 Rcb7
37.Rd6 Rb2 38.Kd4 Rxf2 39.Kxc5 Rxg2 40.Rxc6 Rxa2 41.Kd6 Rb3 42.Rc7 e3 43.Rxh7 Ke4
44.Re7+ Kf3 45.Rf7+ Kg2 46.c5 Rd3+ 47.Ke5 e2 48.c6 Rad2 49.c7 Re3+ 50.Kf4 Rc3
51.Ke4 a4 52.h4 Rb2 53.Kd4 Rc6 54.Ke3 Re6+ 55.Kd3 Rd6+ 56.Ke3 Re6+ 57.Kd3 Rd6+
58.Kc3 Rb3+ 59.Kc4 Rc6+ 60.Kd5 Rc2 61.Rxe2+ Rxe2 62.c8=Q Rd3+ 63.Kc4 Rc2+
64.Kxd3 Rxc8 65.Ra7 Kf3 66.Rxa4 Rd8+ 67.Kc3 Rc8+ 68.Kd4 Kg4 69.Ke5+ Kh5  1/2-1/2

[Event "39th Olympiad Women"]
[Site "Khanty-Mansiysk RUS"]
[Date "2010.09.24"]
[Round "4"]
[White "Collas,S"]
[Black "Sihite, Chelsie Monica"]
[Result "0-1"]
[WhiteElo "2320"]
[BlackElo "2014"]

1.d4 Nf6 2.c4 e6 3.Nc3 Bb4 4.Nf3 c5 5.g3 cxd4 6.Nxd4 O-O 7.Bg2 d5 8.cxd5 Nxd5
9.Bd2 Bxc3 10.bxc3 Nc6 11.Nxc6 bxc6 12.c4 Nb6 13.Bxc6 Bd7 14.Bxa8 Qxa8 15.O-O e5
16.f3 Ba4 17.Qc1 Rc8 18.c5 Nd7 19.Be3 e4 20.Qa3 Bb5 21.Rf2 exf3 22.exf3 Ne5
23.Bd4 Nd3 24.Rb1 Qd5 25.Qc3 Nxf2 26.Rxb5 Nh3+ 27.Kg2 Ng5 28.Bxg7 Qe6 29.Rb2 Qh3+
30.Kg1 Re8 31.Bd4 Nxf3+ 32.Kf2 Ng5 33.Kg1 Qg4 34.Bf6 Qd1+ 35.Kg2 Qd5+ 36.Kg1 Nh3+  0-1

[Event "39th Olympiad Women"]
[Site "Khanty-Mansiysk RUS"]
[Date "2010.09.29"]
[Round "8"]
[White "Muminova,N"]
[Black "Sukandar,I"]
[Result "1-0"]
[WhiteElo "2319"]
[BlackElo "2372"]

1.d4 Nf6 2.c4 e6 3.Nc3 Bb4 4.Nf3 O-O 5.Bg5 d5 6.e3 Nbd7 7.Bd3 Qe7 8.cxd5 exd5
9.O-O c6 10.Qc2 h6 11.Bh4 Re8 12.a3 Bxc3 13.Qxc3 Qe6 14.Rfc1 Ne4 15.Qc2 Nf8
16.b4 Ng6 17.Bg3 Bd7 18.Rab1 Qe7 19.Nd2 h5 20.Bxe4 dxe4 21.h3 h4 22.Bh2 Qe6
23.Nc4 Re7 24.Nd6 b6 25.a4 Qd5 26.b5 cxb5 27.axb5 Re6 28.Qc7 Nf8 29.Kh1 Rf6
30.Rb2 Rg6 31.Be5 f6 32.Bf4 Qh5 33.Rg1 Be6 34.Qc2 Bd5 35.Qe2 Qh7 36.Rc1 Ne6
37.Rbc2 Rf8 38.Nf5 Rf7 39.Rc8+ Nf8 40.Rxf8+ Rxf8 41.Ne7+ Kh8 42.Nxd5 f5 43.Rc7 Rd8
44.Ne7 Re6 45.d5 Rf6 46.d6  1-0

[Event "39th Olympiad Men"]
[Site "Khanty-Mansiysk RUS"]
[Date "2010.09.29"]
[Round "8"]
[White "Lenic,L"]
[Black "Meijers,V"]
[Result "1-0"]
[WhiteElo "2603"]
[BlackElo "2502"]

1.d4 Nf6 2.c4 e6 3.Nf3 Bb4+ 4.Nc3 O-O 5.Bg5 c5 6.Rc1 cxd4 7.Nxd4 d5 8.e3 dxc4
9.Bxc4 e5 10.Nb5 a6 11.Qxd8 Rxd8 12.Nc7 Ra7 13.Bxf6 gxf6 14.Nd5 Bxc3+ 15.Rxc3 Kg7
16.Nb6 Bf5 17.Ke2 Rd6 18.Rb3 Bc2 19.Nc8 Bxb3 20.Bxb3 Rd7 21.Nxa7 Rc7 22.Rd1 b6
23.Rd8  1-0

[Event "21st Open"]
[Site "Goch GER"]
[Date "2010.10.01"]
[Round "2.22"]
[White "Vasiljevs,J"]
[Black "Glinzk,M"]
[Result "0-1"]
[WhiteElo "2175"]
[BlackElo "2012"]

1.d4 Nf6 2.c4 e6 3.Nc3 Bb4 4.Nf3 b6 5.Bg5 Bb7 6.e3 O-O 7.Bd3 d5 8.cxd5 exd5
9.Rc1 Nbd7 10.O-O Re8 11.Qc2 Be7 12.Ne5 h6 13.Bf4 Nxe5 14.Bxe5 Nd7 15.Bg3 a6
16.e4 dxe4 17.Bxe4 Bxe4 18.Nxe4 c5 19.Rfd1 Qc8 20.Bd6 Qc6 21.dxc5 bxc5 22.Bxe7 Rxe7
23.Nxc5 Nxc5 24.b4 Rae8 25.Qxc5 Qa4 26.g3 Qxa2 27.Rd8 Re2 28.Qd4 Qe6 29.Rd6 Qe7
30.Rcc6 Ra2 31.Rxa6 Qe1+ 32.Kg2 Rxf2+ 33.Qxf2 Re2 34.Ra8+ Kh7 35.Qxe2  0-1

[Event "39th Olympiad Men"]
[Site "Khanty-Mansiysk RUS"]
[Date "2010.10.01"]
[Round "10"]
[White "Juarez Flores,R"]
[Black "Gameel,M"]
[Result "1/2-1/2"]
[WhiteElo "2106"]
[BlackElo "2216"]

1.d4 Nf6 2.c4 e6 3.Nc3 Bb4 4.Nf3 O-O 5.g3 d5 6.cxd5 exd5 7.Bg2 c6 8.O-O Re8
9.Bg5 Nbd7 10.a3 Bxc3 11.bxc3 Qa5 12.Bxf6 Nxf6 13.Qc2 g6 14.Ne5 Bf5 15.Qb2 Qa6
16.Rfe1 Ne4 17.f3 Nd6 18.Qb4 Rad8 19.e4 Be6 20.Rab1 f6 21.Bf1 Qb6 22.Nd3 Nc4
23.Qa4 Qa5 24.Qxa5 Nxa5 25.Nf4 Bf7 26.Kf2 g5 27.Ng2 Bg6 28.Bd3 Kf7 29.a4 Rd7
30.Re3 b6 31.Rbe1 Rde7 32.exd5 Bxd3 33.Rxd3 Rxe1 34.Nxe1 cxd5 35.Nc2 Rc8
36.Ne3 Ke6 37.g4 Nc4 38.Nf5 Kd7 39.Rd1 Nb2 40.Rd2 Nxa4 41.Re2 Re8 42.Ra2 b5
43.Ne3 Kc6 44.c4 dxc4 45.Nxc4 Kd5 46.Ne3+ Kxd4 47.Rd2+ Kc5 48.Rd7 a5 49.Ra7 Rb8
50.Rc7+ Kb4 51.Nc2+ Kb3 52.Nd4+ Ka3 53.Ra7 b4 54.Rxa5 b3 55.Nxb3 Kxb3 56.Ra7 Nc3
57.Rxh7 Nd5 58.h4 Rg8 59.Kg3 Kc4 60.Ra7 Kd4 61.Ra4+ Ke5 62.Re4+ Kd6 63.Ra4 Rh8
64.hxg5 fxg5 65.Ra6+ Ke5 66.Ra5 Rb8 67.Ra6 Rb2 68.Ra5 Rd2 69.Ra8 Nf4 70.Re8+ Kf6
71.Rf8+ Kg6 72.Rf6+ Kh7 73.Rf7+ Kh6 74.Rh7+ Kg6  1/2-1/2

[Event "21st Open"]
[Site "Goch GER"]
[Date "2010.10.02"]
[Round "4.34"]
[White "Vasiljevs,J"]
[Black "Schmerwitz,R"]
[Result "1-0"]
[WhiteElo "2175"]
[BlackElo "1907"]

1.d4 Nf6 2.c4 e6 3.Nc3 Bb4 4.Nf3 O-O 5.Bg5 h6 6.Bh4 c5 7.dxc5 Bxc5 8.e3 Nc6
9.a3 b6 10.Be2 Be7 11.O-O d5 12.Qc2 dxc4 13.Bxc4 Na5 14.Rfd1 Qc7 15.Ba2 Bb7
16.Bg3 Qc8 17.Nd4 Ne4 18.Bb1 Nf6 19.Be5 g6 20.Ba2 Nc6 21.Bxe6 fxe6 22.Qxg6+ Kh8
23.Qxh6+ Kg8 24.Qg6+ Kh8 25.Nxc6 Bxc6 26.Rd4  1-0

[Event "H E Atkins Memorial Open"]
[Site "Leicester ENG"]
[Date "2010.10.02"]
[Round "2"]
[White "Ali,Go"]
[Black "Atako,C"]
[Result "1-0"]
[WhiteElo "1827"]
[BlackElo "2041"]

1.d4 Nf6 2.c4 e6 3.Nf3 Bb4+ 4.Nc3 b6 5.Bg5 Bxc3+ 6.bxc3 Ba6 7.e4 h6 8.Bxf6 Qxf6
9.Bd3 Nc6 10.e5 Qe7 11.O-O Na5 12.Qe2 d5 13.cxd5 Bxd3 14.Qxd3 exd5 15.Rfe1 O-O
16.Nd2 c5 17.Re3 cxd4 18.cxd4 Rac8 19.f4 f5 20.g4 fxg4 21.f5 Qg5 22.Rf1 Rc2
23.Re2 Rfc8 24.f6 Rc1 25.f7+ Kf8 26.Qa3+  1-0

[Event "39th Olympiad Women"]
[Site "Khanty-Mansiysk RUS"]
[Date "2010.10.03"]
[Round "11"]
[White "Collas,S"]
[Black "Baciu,D"]
[Result "1/2-1/2"]
[WhiteElo "2320"]
[BlackElo "2153"]

1.d4 Nf6 2.c4 e6 3.Nc3 Bb4 4.Nf3 O-O 5.Bg5 c5 6.d5 h6 7.Bd2 exd5 8.Nxd5 Nxd5
9.cxd5 Bxd2+ 10.Qxd2 d6 11.e3 Bf5 12.Bd3 Qf6 13.Bxf5 Qxf5 14.Rf1  1/2-1/2

[Event "FSFMB October"]
[Site "Budapest HUN"]
[Date "2010.10.04"]
[Round "3"]
[White "Batari,Z"]
[Black "Szakats,S"]
[Result "1-0"]
[WhiteElo "1708"]
[BlackElo "1859"]

1.d4 Nf6 2.c4 e6 3.Nc3 Bb4 4.Nf3 Ne4 5.Bd2 Bxc3 6.Bxc3 Nxc3 7.bxc3 d6 8.g3 Nd7
9.Bg2 O-O 10.O-O Rb8 11.a4 b6 12.e4 Ba6 13.Nd2 e5 14.Re1 c5 15.d5 Nf6 16.Qb3 h6
17.Nb1 Bc8 18.Qd1 Bd7 19.Na3 a6 20.Rb1 Qe8 21.Re2 Bxa4 22.Qf1 Bd7 23.Reb2 Qd8
24.f4 Re8 25.f5 Re7 26.Qf3 Be8 27.h4 Reb7 28.Qe2 Ba4 29.g4 Nh7 30.h5 Qg5
31.Kf2 Nf6 32.Bf3 Ne8 33.Qd3 Qf4 34.Ke1 Nc7 35.Be2 Ne8 36.Bf3 Nf6 37.Qe2 Ne8
38.Qd3 Nc7 39.Be2 b5 40.cxb5 axb5 41.Nc2 c4 42.Qe3 Qxe3 43.Nxe3 Bb3 44.Bd1 b4
45.cxb4 Bxd1 46.Kxd1 c3 47.Rb3 Na6 48.b5 Nc5 49.Rxc3 Nxe4 50.Rc4 Nc5 51.Rcb4 Nd3
52.R4b3 Nf2+ 53.Ke2 Ne4 54.b6 Kf8 55.Nc4 Ke7 56.Na5 Nc5 57.Rb5 Ne4 58.Kd3 Nc5+
59.Ke3 Na4 60.Nxb7 Nc3 61.Na5  1-0

[Event "Tatry Open"]
[Site "Tatranske Zruby CZE"]
[Date "2010.10.04"]
[Round "4"]
[White "Pacher,M"]
[Black "Motuz,K"]
[Result "1/2-1/2"]
[WhiteElo "2449"]
[BlackElo "2244"]

1.d4 Nf6 2.c4 e6 3.Nf3 Bb4+ 4.Nc3 b6 5.Bg5 h6 6.Bh4 g5 7.Bg3 Ne4 8.Qc2 Bb7
9.e3 Bxc3+ 10.bxc3 d6 11.Bd3 f5 12.O-O Nd7 13.d5 Ndc5 14.Nd4 Qf6 15.dxe6 Nxd3
16.Qxd3 O-O 17.f3 Nc5 18.Qc2 Nxe6 19.Rad1 Nc5 20.Rfe1 Rf7  1/2-1/2

[Event "Tatry Open"]
[Site "Tatranske Zruby CZE"]
[Date "2010.10.05"]
[Round "5"]
[White "Kriebel,Rudolf"]
[Black "Murin,P"]
[Result "0-1"]
[WhiteElo "1897"]
[BlackElo "2035"]

1.d4 Nf6 2.c4 e6 3.Nf3 Bb4+ 4.Nc3 Bxc3+ 5.bxc3 b6 6.Bg5 Bb7 7.e3 d6 8.Bd3 Nbd7
9.O-O O-O 10.Re1 h6 11.Bh4 Re8 12.Nd2 e5 13.Be4 Qc8 14.Bxb7 Qxb7 15.Bxf6 Nxf6
16.Qf3 Qxf3 17.Nxf3 Ne4 18.Rec1 g5 19.Rc2 f5 20.Ne1 Nf6 21.Nd3 c5 22.a4 f4
23.d5 Rab8 24.Re1 e4 25.Nc1 f3 26.Nb3 Nd7 27.Nd2 g4 28.Nf1 Ne5 29.Ng3 Nxc4
30.Nf5 h5 31.Ng3 Re5 32.Rd1 Rf8 33.Ra2 h4 34.Nh1 Rff5 35.a5 Rxd5  0-1